000 00392nam a2200157Ia 4500
008 210716s2006 xx 000 0 und d
020 _a9788181286277
041 _aeng
082 _a005.44 VUGS
100 _aVugt, Sander Van.
245 _aDefinitive guide to suse linux enterprise server.
250 _a1
260 _aNew Delhi
_bApress
_c2006
300 _axxx,682
650 _aLinux
999 _c193570
_d193570